Increasing Confidence in Reported Sustainability Information in the Context of Audit

Salvato in:
Dettagli Bibliografici
Autore principale: Kňažková, Veronika, 1986-
Natura: Capitolo di libro
Lingua:inglese
Soggetti:
Tags: Aggiungi Tag
Nessun Tag, puoi essere il primo ad aggiungerne!!

MARC

LEADER 00000naa$a2200000$$$4500
001 0305667
005 20250128100238.3
041 0 |a eng 
044 |a SK 
245 1 0 |a Increasing Confidence in Reported Sustainability Information in the Context of Audit  |c Veronika Kňažková 
500 |a Abstrakt 
610 2 0 |a informácie 
610 2 0 |a audit 
100 1 |a Kňažková, Veronika, 1986-